| 000 | 00418cam a22001337a 4500 | ||
|---|---|---|---|
| 008 | 180718b1967 xxu||||| |||| 00| 0 eng d | ||
| 082 | _aT42x54 R812 | ||
| 100 | _aRoy, Ajit | ||
| 245 |
_aNationalisation of banking monopolies: an urgent task _cby Ajit Roy |
||
| 260 |
_aCalcutta _bNational _c1967 |
||
| 300 | _a20p. | ||
| 650 | _aGovernment ownership - India | ||
| 650 | _aBanks and banking - Government ownership - India | ||
| 999 |
_c441961 _d441961 |
||